LEADER 00907nam1 2200277 450 001 000044984 005 20180907130912.0 100 $a20180907d1923----km-y0itaa50------ba 101 0 $afre 102 $aFR 200 1 $aOeuvres de Georges Rodenbach 210 $aParigi$cMercure de France$d1923 215 $aVolumi$d20 cm. 463 \1$1001000044985$12001 $a<> jeunesse blanche ; Vers d'amour ; Le livre de Jesus ; Le regne du silence 700 1$aRodenbach,$bGeorges$0440180 801 0$aIT$bUniversità della Basilicata - B.I.A.$gREICAT$2unimarc 912 $a000044984 996 $aOeuvres de Georges Rodenbach$91535438 997 $aUNIBAS BAS $aLETTERE CAT $aMDL$b00$c20180907$lBAS01$h0932 CAT $aMDL$b00$c20180907$lBAS01$h0938 CAT $aMDL$b00$c20180907$lBAS01$h0939 CAT $aMDL$b30$c20180907$lBAS01$h1247 CAT $aMDL$b00$c20180907$lBAS01$h1309 FMT LEADER 02472nam 2200601 450 001 9910796348903321 005 20230213223231.0 010 $a3-11-135849-6 024 7 $a10.1515/9783111358499 035 $a(CKB)3800000000419269 035 $a(MiAaPQ)EBC5159164 035 $a(DE-B1597)60825 035 $a(OCoLC)999361332 035 $a(DE-B1597)9783111358499 035 $a(Au-PeEL)EBL5159164 035 $a(OCoLC)1039691503 035 $a(EXLCZ)993800000000419269 100 $a20180619d1982 uy 0 101 0 $aeng 135 $aurcnu|||||||| 181 $ctxt$2rdacontent 182 $cc$2rdamedia 183 $acr$2rdacarrier 200 10$aCopyright and library materials for the handicapped $ea study prepared for the International Federation of Library Associations and Institutions /$fFranc?oise He?bert and Wanda Noel 205 $aReprint 2017 210 1$aMu?nchen ;$aNew York :$cSaur,$d1982. 215 $a1 online resource (111 pages) 225 0 $aIFLA Publications ;$v21 311 $a3-598-20381-0 320 $aIncludes bibliographical references. 327 $tFrontmatter -- $tTable of Contents -- $tPreamble -- $t1. The Handicapped Population -- $t2. Social Consequences -- $t3. Special Reading Media -- $t4. Production of Material for the Handicapped -- $t5. Copyright and Materials for the Handicapped -- $t6. Copyright Legislation -- $t7. International Activities -- $t8. International Copyright Conventions -- $t9. Summary and Recommendations -- $tReferences 606 $aFair use (Copyright) 606 $aLibraries and people with disabilities 606 $aPeople with disabilities$xLegal status, laws, etc 606 $aPeople with disabilities$xServices for 606 $aPhotocopying$xFair use (Copyright) 615 0$aFair use (Copyright) 615 0$aLibraries and people with disabilities. 615 0$aPeople with disabilities$xLegal status, laws, etc. 615 0$aPeople with disabilities$xServices for. 615 0$aPhotocopying$xFair use (Copyright) 676 $a346.04/82 676 $a342.6482 700 $aHe?bert$b Franc?oise$01581640 702 $aNoel$b Wanda 712 02$aInternational Federation of Library Associations and Institutions. 801 0$bMiAaPQ 801 1$bMiAaPQ 801 2$bMiAaPQ 906 $aBOOK 912 $a9910796348903321 996 $aCopyright and library materials for the handicapped$93863319 997 $aUNINA